| 000 | 00592nam a2200193Ia 4500 | ||
|---|---|---|---|
| 005 | 20250508165944.0 | ||
| 008 | 008 250505s9999 xx 000 0 eng d | ||
| 037 | _aTheses | ||
| 040 |
_aFEDL _beng _cFEDL |
||
| 041 |
_aeng _2eng |
||
| 084 |
_a370.193 45, DAS/TH _qFEDL |
||
| 100 | _aDas Pankaj | ||
| 245 | 0 | _aSociological study of the process of girls' dropping out in school education in Odisha | |
| 260 | _c2016 | ||
| 300 | _aiii, 215p. | ||
| 546 | _aPh.D Thesis (Delhi University); C D Included | ||
| 942 |
_cTH _h370.193 45, DAS/TH |
||
| 999 |
_c1398402 _d1398402 |
||